[Event "16th FAJR Open"]
[Site "Urmia IRI"]
[Date "2008.02.04"]
[Round "3"]
[White "Reyhan, D."]
[Black "Mahjoob, M."]
[Result "1/2-1/2"]
[WhiteElo "2240"]
[BlackElo "2504"]
[PlyCount "96"]
[EventDate "2008.02.03"]
[EventType "swiss"]
[EventRounds "11"]
[EventCountry "IRI"]
[Source "Mark Crowther"]
[SourceDate "2008.02.18"]

1. e4 c5 2. Nf3 e6 3. d4 cxd4 4. Nxd4 a6 5. Nc3 b5 6. g3 Bb7 7. Bg2 Nf6 8. O-O
b4 9. Na4 Bxe4 10. Bxe4 Nxe4 11. Re1 d5 12. Nxe6 fxe6 13. Qh5+ g6 14. Qe5 Qf6
15. Rxe4 Qxe5 16. Rxe5 Kf7 17. Re3 Nd7 18. Rf3+ Kg7 19. b3 Be7 20. Bb2+ Bf6 21.
Bxf6+ Nxf6 22. Nc5 Rhe8 23. a3 bxa3 24. Rxa3 a5 25. b4 e5 26. Rxa5 Rxa5 27.
bxa5 Rc8 28. Rc3 Ra8 29. a6 Kf7 30. Rb3 Ke7 31. Rb6 e4 32. Re6+ Kf7 33. Rb6 Ke7
34. Na4 Ne8 35. Rb7+ Kd6 36. a7 Kc6 37. Rxh7 d4 38. Rh8 Kb5 39. Nb2 Kb4 40. Rh7
Nd6 41. Re7 Kc3 42. Na4+ Kxc2 43. Rc7+ Kb3 44. Nb6 d3 45. Kf1 Nb5 46. Nxa8 Nxc7
47. Nxc7 d2 48. a8=Q d1=Q+ 1/2-1/2

[Event "16th FAJR Open"]
[Site "Urmia IRI"]
[Date "2008.02.04"]
[Round "3"]
[White "Momeni, E."]
[Black "Ghaem Maghami, E."]
[Result "0-1"]
[WhiteElo "2263"]
[BlackElo "2589"]
[PlyCount "94"]
[EventDate "2008.02.03"]
[EventType "swiss"]
[EventRounds "11"]
[EventCountry "IRI"]
[Source "Mark Crowther"]
[SourceDate "2008.02.18"]

1. d4 Nf6 2. c4 e6 3. Nf3 c5 4. d5 d6 5. Nc3 exd5 6. cxd5 g6 7. e4 a6 8. a4 Bg4
9. h3 Bxf3 10. Qxf3 Bg7 11. Be2 O-O 12. O-O Re8 13. Bg5 Nbd7 14. Rfe1 h6 15.
Bh4 Qa5 16. Qd3 Qb4 17. a5 b5 18. axb6 Nxb6 19. f3 Nfd7 20. Qc2 c4 21. Bf2 Nc5
22. Kh1 Rec8 23. Bxc5 Qxc5 24. Bf1 Qc7 25. f4 Rcb8 26. Qe2 Re8 27. Qd2 Qc5 28.
g4 a5 29. Qc2 g5 30. e5 gxf4 31. Ne4 Qd4 32. e6 fxe6 33. Rad1 Qxb2 34. Qxb2
Bxb2 35. Nxd6 e5 36. Nxc4 Nxc4 37. Bxc4 Rec8 38. Ba2 Kf8 39. d6 Rd8 40. Re4 Ra6
41. d7 a4 42. Rb4 a3 43. Kg2 Ke7 44. Kf3 Rxd7 45. Rxd7+ Kxd7 46. Ke4 Rf6 47.
Rb3 Kc6 0-1

[Event "16th FAJR Open"]
[Site "Urmia IRI"]
[Date "2008.02.04"]
[Round "4"]
[White "Akbarinia, S."]
[Black "Magalashvili, Da"]
[Result "0-1"]
[WhiteElo "2300"]
[BlackElo "2449"]
[PlyCount "42"]
[EventDate "2008.02.03"]
[EventType "swiss"]
[EventRounds "11"]
[EventCountry "IRI"]
[Source "Mark Crowther"]
[SourceDate "2008.02.18"]

1. d4 Nf6 2. Nf3 c5 3. c4 cxd4 4. Nxd4 b6 5. Nc3 Bb7 6. Bg5 a6 7. f3 e6 8. e4
d6 9. a4 Be7 10. a5 bxa5 11. Qa4+ Nbd7 12. Be2 Qb6 13. Be3 Qxb2 14. Kf2 Qxc3
15. Rhc1 Qb4 16. Qa2 Nxe4+ 17. fxe4 Bxe4 18. Bf3 Bxf3 19. gxf3 Qb7 20. Rab1 Qc7
21. Nb3 O-O 0-1

[Event "16th FAJR Open"]
[Site "Urmia IRI"]
[Date "2008.02.04"]
[Round "4"]
[White "Girinath, P."]
[Black "Sadatnajafi, M."]
[Result "1-0"]
[WhiteElo "2430"]
[BlackElo "2256"]
[PlyCount "53"]
[EventDate "2008.02.03"]
[EventType "swiss"]
[EventRounds "11"]
[EventCountry "IRI"]
[Source "Mark Crowther"]
[SourceDate "2008.02.18"]

1. e4 c5 2. Nf3 e6 3. d3 Nc6 4. g3 d5 5. Qe2 Nf6 6. Bg2 Be7 7. O-O O-O 8. e5
Nd7 9. c4 Nb6 10. b3 a5 11. a4 Bd7 12. Na3 f6 13. Bb2 Qe8 14. Nb5 Rd8 15. Rfe1
Qg6 16. Nh4 Qh6 17. cxd5 Nxd5 18. Bxd5 exd5 19. e6 Bc8 20. Nf5 Qg5 21. Qf3 g6
22. Nxe7+ Nxe7 23. h4 Qd2 24. Bc3 Qc2 25. Re2 Qxb3 26. Rb2 Qxb2 27. Bxb2 1-0

[Event "16th FAJR Open"]
[Site "Urmia IRI"]
[Date "2008.02.04"]
[Round "4"]
[White "Zeynalov, F."]
[Black "Harutjunyan, G."]
[Result "0-1"]
[WhiteElo "2269"]
[BlackElo "2423"]
[PlyCount "56"]
[EventDate "2008.02.03"]
[EventType "swiss"]
[EventRounds "11"]
[EventCountry "IRI"]
[Source "Mark Crowther"]
[SourceDate "2008.02.18"]

1. d4 Nf6 2. c4 g6 3. Nc3 Bg7 4. e4 d6 5. g3 c5 6. d5 e6 7. Bg2 exd5 8. exd5
O-O 9. Nge2 Na6 10. O-O Nc7 11. a3 b6 12. b4 Re8 13. Bf4 Ng4 14. Rc1 Ne5 15.
Bxe5 Bxe5 16. Qd2 Rb8 17. h3 Re7 18. Nf4 Ne8 19. Nd3 Bg7 20. Rfe1 Bd7 21. Ne4
Bf5 22. Qf4 Nf6 23. g4 Bxe4 24. Bxe4 Nxe4 25. Rxe4 Bh6 26. Qxh6 Rxe4 27. Nf4
Qf6 28. Nh5 Qe5 0-1

[Event "16th FAJR Open"]
[Site "Urmia IRI"]
[Date "2008.02.04"]
[Round "4"]
[White "Aliyev, E."]
[Black "Sanikidze, T."]
[Result "0-1"]
[WhiteElo "2223"]
[BlackElo "2461"]
[PlyCount "42"]
[EventDate "2008.02.03"]
[EventType "swiss"]
[EventRounds "11"]
[EventCountry "IRI"]
[Source "Mark Crowther"]
[SourceDate "2008.02.18"]

1. e4 c5 2. Na3 e6 3. c3 d5 4. e5 Nc6 5. Nf3 Qa5 6. Nc2 Nge7 7. g3 Ng6 8. Qe2
c4 9. Ncd4 Qc7 10. Nxc6 bxc6 11. Bg2 Bc5 12. O-O O-O 13. b3 cxb3 14. axb3 a5
15. h4 f5 16. exf6 Qxg3 17. d4 Qg4 18. Qe3 Bd6 19. fxg7 Rf5 20. Ne5 Bxe5 21.
dxe5 Nf4 0-1

[Event "16th FAJR Open"]
[Site "Urmia IRI"]
[Date "2008.02.04"]
[Round "4"]
[White "Ghorbani, M."]
[Black "Hicks, R."]
[Result "1-0"]
[WhiteElo "2347"]
[BlackElo "2051"]
[PlyCount "37"]
[EventDate "2008.02.03"]
[EventType "swiss"]
[EventRounds "11"]
[EventCountry "IRI"]
[Source "Mark Crowther"]
[SourceDate "2008.02.18"]

1. d4 d5 2. c4 Nc6 3. Nf3 Bg4 4. cxd5 Bxf3 5. dxc6 Bxc6 6. Nc3 Nf6 7. f3 e5 8.
dxe5 Qxd1+ 9. Kxd1 O-O-O+ 10. Kc2 Nd7 11. e6 fxe6 12. g3 e5 13. Bh3 Bb4 14. Bg5
Rde8 15. Rhd1 h6 16. Be3 Bd6 17. Ne4 Bxe4+ 18. fxe4 Rd8 19. Bxa7 1-0

[Event "16th FAJR Open"]
[Site "Urmia IRI"]
[Date "2008.02.04"]
[Round "4"]
[White "Darini, P."]
[Black "Sedghi, B."]
[Result "1-0"]
[WhiteElo "2239"]
[BlackElo "2048"]
[PlyCount "51"]
[EventDate "2008.02.03"]
[EventType "swiss"]
[EventRounds "11"]
[EventCountry "IRI"]
[Source "Mark Crowther"]
[SourceDate "2008.02.18"]

1. Nf3 Nf6 2. c4 e6 3. g3 d5 4. Bg2 c5 5. cxd5 Nxd5 6. O-O Nc6 7. Nc3 Be7 8. d4
O-O 9. Nxd5 exd5 10. dxc5 Bxc5 11. Bf4 Re8 12. Qc2 Qe7 13. Ng5 g6 14. Bxd5 Rf8
15. Ne4 Nb4 16. Qc4 Nxd5 17. Qxd5 Rd8 18. Qg5 Bf5 19. Nf6+ Kh8 20. Qh4 h5 21.
Qg5 Qf8 22. Be5 Be7 23. Qf4 Bd6 24. Nxh5+ Kh7 25. Nf6+ Kg7 26. Ne8+ 1-0

[Event "16th FAJR Open"]
[Site "Urmia IRI"]
[Date "2008.02.04"]
[Round "4"]
[White "Ghaem Maghami, E."]
[Black "Kuparadze, G."]
[Result "1-0"]
[WhiteElo "2589"]
[BlackElo "2407"]
[PlyCount "51"]
[EventDate "2008.02.03"]
[EventType "swiss"]
[EventRounds "11"]
[EventCountry "IRI"]
[Source "Mark Crowther"]
[SourceDate "2008.02.18"]

1. e4 c5 2. Nf3 e6 3. c3 d5 4. exd5 exd5 5. d4 Nc6 6. Bb5 Bd6 7. dxc5 Bxc5 8.
O-O Nge7 9. Nbd2 O-O 10. Nb3 Bb6 11. Re1 Bg4 12. Be3 Bc7 13. Bc5 Re8 14. Nbd4
Bd6 15. Bxc6 bxc6 16. Nxc6 Nxc6 17. Rxe8+ Qxe8 18. Bxd6 Rd8 19. Bc7 Rd7 20. Qa4
Bxf3 21. Qxc6 Bxg2 22. Kxg2 Qc8 23. Re1 h6 24. Qb5 Qxc7 25. Re8+ Kh7 26. Qd3+
1-0

[Event "16th FAJR Open"]
[Site "Urmia IRI"]
[Date "2008.02.04"]
[Round "4"]
[White "Malaniuk, V."]
[Black "Gassanov, A."]
[Result "1-0"]
[WhiteElo "2498"]
[BlackElo "2358"]
[PlyCount "219"]
[EventDate "2008.02.03"]
[EventType "swiss"]
[EventRounds "11"]
[EventCountry "IRI"]
[Source "Mark Crowther"]
[SourceDate "2008.02.18"]

1. d4 Nf6 2. Nf3 d5 3. c4 e6 4. e3 Bb4+ 5. Nbd2 O-O 6. a3 Bxd2+ 7. Qxd2 Ne4 8.
Qc2 f5 9. Bd3 Nd7 10. b3 c6 11. Bb2 a5 12. a4 Qf6 13. Qe2 Qh6 14. O-O g5 15.
Nd2 Ndf6 16. f3 Nxd2 17. Qxd2 g4 18. Ba3 Rf7 19. Bd6 Bd7 20. Be5 Qg5 21. f4 Qh6
22. Bxf6 Qxf6 23. c5 Qd8 24. b4 axb4 25. Qxb4 Bc8 26. a5 Qc7 27. Rfb1 Kg7 28.
Qe1 Qd8 29. Rb6 Rc7 30. h3 h5 31. hxg4 hxg4 32. Qg3 Qf6 33. Kf2 Kg8 34. Ke2 Qh6
35. Kd2 Kf8 36. Kc3 Ke8 37. Qf2 Qh2 38. Rbb1 Rh7 39. Rg1 Kd8 40. Kb4 Kc7 41.
Raf1 Bd7 42. Qe1 Rah8 43. Ka3 Bc8 44. g3 Kd7 45. Rf2 Qh6 46. Bf1 Qf8 47. Bg2
Qd8 48. Rb2 Rh2 49. Rb6 Qc7 50. Qd1 R8h7 51. Qa4 Rh8 52. Qb4 Rg8 53. Kb3 Ke7
54. Kc3 Rgh8 55. Kd3 R2h7 56. Ke2 Rh2 57. Qe1 Kf6 58. Kd3 R8h7 59. Qb4 Ke7 60.
Qa3 Rh8 61. Rb2 Kf6 62. Rgb1 R8h7 63. Rd2 Rh8 64. Rb6 Ke7 65. Rdb2 Kd7 66. Qa2
R8h6 67. Kc3 Kd8 68. Qa4 Kd7 69. Kd3 Rh8 70. Re2 R8h7 71. Rd2 Rh8 72. Qa1 R8h7
73. Rdb2 Kd8 74. Kc3 Rh8 75. Kb4 R8h7 76. Ka4 R7h6 77. Qf1 Rh7 78. Qb1 Qd7 79.
Qg1 Qc7 80. Kb4 Qd7 81. Kc3 Qc7 82. Kd3 R7h6 83. Ke2 Qh7 84. Kd3 Qc7 85. Qb1
Rh7 86. Kc3 Qd7 87. Qd1 Qc7 88. Qa4 Kd7 89. Kb3 Rh8 90. Ka3 R8h7 91. Qc2 Kd8
92. Qb1 Qd7 93. Kb4 Qc7 94. Kc3 Qd7 95. Qa1 Qc7 96. Kd3 Rh8 97. Qg1 R8h6 98.
Rf2 Rh7 99. Ke2 R7h6 100. Qd1 Rh7 101. Qa4 Kd7 102. Kf1 Rh8 103. Rfb2 R8h7 104.
Kg1 R2h6 105. a6 bxa6 106. Rb8 Rh2 107. R2b6 R2h6 108. Qb3 Kd8 109. Rxa6 Rf6
110. Raa8 1-0

[Event "16th FAJR Open"]
[Site "Urmia IRI"]
[Date "2008.02.04"]
[Round "4"]
[White "Kasparov, S."]
[Black "Nasri, A."]
[Result "1/2-1/2"]
[WhiteElo "2458"]
[BlackElo "2348"]
[PlyCount "60"]
[EventDate "2008.02.03"]
[EventType "swiss"]
[EventRounds "11"]
[EventCountry "IRI"]
[Source "Mark Crowther"]
[SourceDate "2008.02.18"]

1. e4 e5 2. Nf3 Nf6 3. Nxe5 d6 4. Nf3 Nxe4 5. Nc3 Nxc3 6. dxc3 Be7 7. Bf4 Nc6
8. Qd2 Be6 9. O-O-O Qd7 10. Be2 O-O-O 11. Ng5 Bxg5 12. Bxg5 Rde8 13. Rhe1 Bg4
14. f3 Bf5 15. c4 Re5 16. g4 Be6 17. Be3 Ra5 18. a3 h5 19. h3 f5 20. c5 hxg4
21. hxg4 fxg4 22. fxg4 Bxg4 23. Bxg4 Qxg4 24. cxd6 Rd8 25. Rg1 Qe6 26. d7+ Rxd7
27. Qxd7+ Qxd7 28. Rxd7 Kxd7 29. Rxg7+ Ne7 30. Bg5 Re5 1/2-1/2

[Event "16th FAJR Open"]
[Site "Urmia IRI"]
[Date "2008.02.04"]
[Round "4"]
[White "Mahjoob, M."]
[Black "Ahmadinia, E."]
[Result "0-1"]
[WhiteElo "2504"]
[BlackElo "2227"]
[PlyCount "86"]
[EventDate "2008.02.03"]
[EventType "swiss"]
[EventRounds "11"]
[EventCountry "IRI"]
[Source "Mark Crowther"]
[SourceDate "2008.02.18"]

1. d4 f5 2. Bg5 g6 3. Nc3 Bg7 4. h4 h6 5. Bf4 Nf6 6. Qd2 d5 7. Nf3 Ng4 8. Ne5
Nxe5 9. Bxe5 Bxe5 10. dxe5 Be6 11. O-O-O c6 12. e4 fxe4 13. Nxe4 Nd7 14. Ng3
Qb6 15. f4 O-O-O 16. h5 Nc5 17. hxg6 Ne4 18. Qe1 Bg4 19. g7 Rhg8 20. Nxe4 Bxd1
21. Nf2 Bxc2 22. Kxc2 c5 23. g4 Rxg7 24. f5 c4 25. Qd2 e6 26. Rxh6 c3 27. bxc3
Qa5 28. Rxe6 Qxa2+ 29. Kd1 Qa4+ 30. Ke1 d4 31. c4 Qa1+ 32. Ke2 d3+ 33. Nxd3
Rxg4 34. Kf2 Re4 35. c5 Qd4+ 36. Kf3 Rh4 37. Rg6 Qe4+ 38. Kg3 Rh1 39. Qe2 Rg1+
40. Kf2 Rxf1+ 41. Kxf1 Qxf5+ 42. Nf4 Qxf4+ 43. Kg1 Qc1+ 0-1

[Event "16th FAJR Open"]
[Site "Urmia IRI"]
[Date "2008.02.04"]
[Round "4"]
[White "Sulashvili, M."]
[Black "Reyhan, D."]
[Result "1-0"]
[WhiteElo "2482"]
[BlackElo "2240"]
[PlyCount "62"]
[EventDate "2008.02.03"]
[EventType "swiss"]
[EventRounds "11"]
[EventCountry "IRI"]
[Source "Mark Crowther"]
[SourceDate "2008.02.18"]

1. d4 d5 2. c4 e6 3. Nf3 c5 4. cxd5 exd5 5. Nc3 Nc6 6. g3 Nf6 7. Bg2 Be7 8. O-O
O-O 9. dxc5 d4 10. Na4 Bf5 11. Bd2 Be4 12. b4 Qd5 13. Qb3 Qh5 14. b5 Ne5 15.
Nxe5 Bxg2 16. Kxg2 Qxe5 17. Bf4 Qf5 18. Rac1 g5 19. Bd2 Ne4 20. Qd3 Qd5 21. f3
Nxd2 22. Qxd2 Rfd8 23. Qc2 Rac8 24. Qc4 Qe5 25. c6 bxc6 26. bxc6 Rc7 27. Qd3
Qe6 28. Nc5 Qxa2 29. Na6 Rcc8 30. c7 Rd6 31. Ra1 Qe6 1-0

[Event "16th FAJR Open"]
[Site "Urmia IRI"]
[Date "2008.02.04"]
[Round "4"]
[White "Morchiashvili, B."]
[Black "Rzaev, A."]
[Result "1-0"]
[WhiteElo "2434"]
[BlackElo "2068"]
[PlyCount "67"]
[EventDate "2008.02.03"]
[EventType "swiss"]
[EventRounds "11"]
[EventCountry "IRI"]
[Source "Mark Crowther"]
[SourceDate "2008.02.18"]

1. d4 Nf6 2. c4 g6 3. Nc3 Bg7 4. e4 d6 5. Nf3 O-O 6. h3 e5 7. d5 a5 8. Bg5 h6
9. Be3 Nbd7 10. Be2 Kh7 11. g4 Ng8 12. h4 b6 13. Qd2 Ne7 14. g5 h5 15. O-O-O
Nc5 16. Nh2 Kg8 17. Nf1 Re8 18. Ng3 a4 19. Kc2 Bd7 20. Rhf1 Bh3 21. Rg1 Bc8 22.
Rdf1 Bh3 23. Rd1 Bc8 24. Bxh5 gxh5 25. Nxh5 Ng6 26. Nf6+ Bxf6 27. gxf6 Qxf6 28.
h5 Nd7 29. hxg6 Nf8 30. Bg5 Qf3 31. Rg3 Qh5 32. gxf7+ Kxf7 33. Nb5 Bd7 34. Nxc7
1-0

[Event "16th FAJR Open"]
[Site "Urmia IRI"]
[Date "2008.02.04"]
[Round "4"]
[White "Soozankar, A."]
[Black "Khechomian, S."]
[Result "1-0"]
[WhiteElo "2253"]
[BlackElo "2050"]
[PlyCount "45"]
[EventDate "2008.02.03"]
[EventType "swiss"]
[EventRounds "11"]
[EventCountry "IRI"]
[Source "Mark Crowther"]
[SourceDate "2008.02.18"]

1. e4 e6 2. d4 d5 3. Nc3 Nf6 4. e5 Nfd7 5. Nf3 c5 6. Bg5 f6 7. exf6 Nxf6 8.
Bb5+ Bd7 9. Qe2 cxd4 10. Qxe6+ Qe7 11. Qxe7+ Bxe7 12. Bxf6 dxc3 13. Bxd7+ Nxd7
14. Bxc3 O-O 15. O-O-O Nb6 16. Rhe1 Bd6 17. Bd4 Rad8 18. Kb1 Rf5 19. Rd3 Nc8
20. Rde3 Kf8 21. g4 Rf4 22. Ng5 Rxd4 23. Ne6+ 1-0

[Event "16th FAJR Open"]
[Site "Urmia IRI"]
[Date "2008.02.04"]
[Round "4"]
[White "Shamsi, M."]
[Black "Babujian, L."]
[Result "1-0"]
[WhiteElo "2145"]
[BlackElo "2439"]
[PlyCount "65"]
[EventDate "2008.02.03"]
[EventType "swiss"]
[EventRounds "11"]
[EventCountry "IRI"]
[Source "Mark Crowther"]
[SourceDate "2008.02.18"]

1. e4 e5 2. Nf3 Nc6 3. Bb5 a6 4. Ba4 Nf6 5. O-O Be7 6. Re1 b5 7. Bb3 O-O 8. c3
d5 9. d4 Nxe4 10. dxe5 Be6 11. Nd4 Nxd4 12. cxd4 Bb4 13. f3 Ng5 14. h4 Nxf3+
15. gxf3 Bxe1 16. Qxe1 f6 17. Nc3 c6 18. Qg3 fxe5 19. dxe5 c5 20. Bg5 Qd7 21.
Bxd5 Bxd5 22. Rd1 Qf5 23. Nxd5 Kh8 24. e6 Qxe6 25. Nc7 Qxa2 26. Nxa8 Rxa8 27.
Qe5 Rg8 28. h5 Qb3 29. Rf1 Qf7 30. h6 Qf6 31. Bf4 Rf8 32. Qxf6 gxf6 33. Re1 1-0

[Event "16th FAJR Open"]
[Site "Urmia IRI"]
[Date "2008.02.05"]
[Round "5"]
[White "Ghane, S."]
[Black "Ghaem Maghami, E."]
[Result "1/2-1/2"]
[WhiteElo "2442"]
[BlackElo "2589"]
[PlyCount "23"]
[EventDate "2008.02.03"]
[EventType "swiss"]
[EventRounds "11"]
[EventCountry "IRI"]
[Source "Mark Crowther"]
[SourceDate "2008.02.18"]

1. d4 Nf6 2. c4 e6 3. Nf3 d5 4. cxd5 exd5 5. Nc3 c6 6. Qc2 Na6 7. Bg5 Nb4 8.
Qd2 Bf5 9. Rc1 Be7 10. Bxf6 Bxf6 11. e3 a5 12. a3 1/2-1/2

[Event "16th FAJR Open"]
[Site "Urmia IRI"]
[Date "2008.02.05"]
[Round "5"]
[White "Harutjunyan, G."]
[Black "Malaniuk, V."]
[Result "0-1"]
[WhiteElo "2423"]
[BlackElo "2498"]
[PlyCount "70"]
[EventDate "2008.02.03"]
[EventType "swiss"]
[EventRounds "11"]
[EventCountry "IRI"]
[Source "Mark Crowther"]
[SourceDate "2008.02.18"]

1. e4 e5 2. Nf3 Nc6 3. d4 exd4 4. Nxd4 Bc5 5. Nxc6 Qf6 6. Qf3 bxc6 7. Nd2 d6 8.
Nb3 Bb6 9. Bd3 Qxf3 10. gxf3 Ne7 11. a4 a5 12. Be3 f5 13. Rg1 fxe4 14. fxe4
Bxe3 15. fxe3 O-O 16. e5 c5 17. Bc4+ d5 18. Be2 Rf5 19. Nxc5 Rxe5 20. Kd2 Nf5
21. Ra3 Nd6 22. Rc3 Bf5 23. Bb5 Rd8 24. Kc1 Nxb5 25. axb5 d4 26. exd4 Rxd4 27.
Na6 Rxb5 28. Rxc7 Rd7 29. Rxd7 Bxd7 30. c4 Rh5 31. Rd1 Be6 32. Rd4 Rxh2 33. c5
Bb3 34. Rd3 Rc2+ 35. Kb1 a4 0-1

[Event "16th FAJR Open"]
[Site "Urmia IRI"]
[Date "2008.02.05"]
[Round "5"]
[White "Allahverdiev, A."]
[Black "Moosavian, S."]
[Result "0-1"]
[WhiteElo "2463"]
[BlackElo "2349"]
[PlyCount "68"]
[EventDate "2008.02.03"]
[EventType "swiss"]
[EventRounds "11"]
[EventCountry "IRI"]
[Source "Mark Crowther"]
[SourceDate "2008.02.18"]

1. c4 f5 2. Nc3 Nf6 3. g3 e5 4. Bg2 Bb4 5. Qc2 Bxc3 6. Qxc3 d6 7. d4 Qe7 8.
dxe5 dxe5 9. Nf3 Nc6 10. O-O O-O 11. Rd1 a5 12. Bg5 h6 13. Bxf6 Qxf6 14. Rd5
Be6 15. Rc5 e4 16. Ne5 Nxe5 17. Rxe5 Kh7 18. b3 Bxc4 19. f4 exf3 20. exf3 Bd5
21. Rae1 c6 22. f4 Bxg2 23. Kxg2 a4 24. b4 Rae8 25. Qc2 Rxe5 26. Rxe5 a3 27. h4
Qf7 28. Qf2 Kh8 29. Qe2 Qd7 30. Re7 Qd4 31. Qe3 Qb2+ 32. Kg1 Qb1+ 33. Kh2 Qxa2+
34. Kh3 Qb1 0-1

[Event "16th FAJR Open"]
[Site "Urmia IRI"]
[Date "2008.02.05"]
[Round "5"]
[White "Sanikidze, T."]
[Black "Roghani, A."]
[Result "1/2-1/2"]
[WhiteElo "2461"]
[BlackElo "2362"]
[PlyCount "37"]
[EventDate "2008.02.03"]
[EventType "swiss"]
[EventRounds "11"]
[EventCountry "IRI"]
[Source "Mark Crowther"]
[SourceDate "2008.02.18"]

1. d4 e6 2. c4 d5 3. Nf3 Nf6 4. cxd5 exd5 5. Nc3 c6 6. Qc2 g6 7. Bg5 Be7 8. e3
Bf5 9. Bd3 Bxd3 10. Qxd3 Nbd7 11. Bh6 Bf8 12. Bxf8 Kxf8 13. O-O a5 14. Rac1 Qe7
15. Nd2 Kg7 16. Na4 Rhe8 17. Qb3 Qb4 18. Qc2 Re7 19. Nc5 1/2-1/2

[Event "16th FAJR Open"]
[Site "Urmia IRI"]
[Date "2008.02.05"]
[Round "5"]
[White "Nasri, A."]
[Black "Simonian, H."]
[Result "1-0"]
[WhiteElo "2348"]
[BlackElo "2435"]
[PlyCount "93"]
[EventDate "2008.02.03"]
[EventType "swiss"]
[EventRounds "11"]
[EventCountry "IRI"]
[Source "Mark Crowther"]
[SourceDate "2008.02.18"]

1. d4 Nf6 2. c4 b6 3. Nc3 Bb7 4. Qc2 d5 5. cxd5 Nxd5 6. e4 Nxc3 7. bxc3 e6 8.
Nf3 Be7 9. Bb5+ c6 10. Bd3 c5 11. O-O cxd4 12. cxd4 O-O 13. Bb2 Nc6 14. a3 Rc8
15. Qe2 Bf6 16. Rad1 Na5 17. Rc1 Qd7 18. Rfd1 Rxc1 19. Bxc1 Rc8 20. h4 Bc6 21.
e5 Be7 22. Ng5 Bxg5 23. Bxg5 Qd5 24. Qg4 h5 25. Qg3 Kf8 26. Bd2 Nc4 27. Bb4+
Kg8 28. Be2 Nb2 29. Rc1 a5 30. Be7 Qxd4 31. Bf6 g6 32. Bxh5 Nd3 33. Bxg6 Qxf2+
34. Qxf2 Nxf2 35. Bxf7+ Kxf7 36. Kxf2 b5 37. g4 b4 38. axb4 axb4 39. h5 b3 40.
g5 b2 41. g6+ Ke8 42. Rb1 Rb8 43. h6 Be4 44. h7 Kd7 45. Rxb2 Rxb2+ 46. Ke3 Bxg6
47. h8=Q 1-0

[Event "16th FAJR Open"]
[Site "Urmia IRI"]
[Date "2008.02.05"]
[Round "5"]
[White "Bagaturov, G."]
[Black "Shamsi, M."]
[Result "1-0"]
[WhiteElo "2498"]
[BlackElo "2145"]
[PlyCount "69"]
[EventDate "2008.02.03"]
[EventType "swiss"]
[EventRounds "11"]
[EventCountry "IRI"]
[Source "Mark Crowther"]
[SourceDate "2008.02.18"]

1. d4 Nf6 2. c4 c5 3. Nf3 cxd4 4. Nxd4 e5 5. Nb5 d5 6. cxd5 Bc5 7. e3 O-O 8.
N5c3 Bf5 9. a3 a5 10. Be2 Nbd7 11. Nd2 e4 12. g4 Bg6 13. g5 Nxd5 14. Nxd5 Qxg5
15. Nf4 Rac8 16. Nf1 Rfd8 17. Ng3 Ne5 18. Bd2 h5 19. h4 Qf6 20. Qb3 Nf3+ 21.
Bxf3 exf3 22. Rc1 Bd6 23. Rxc8 Rxc8 24. Bc3 Qd8 25. Nxg6 Bxg3 26. Qd1 Bd6 27.
Qd4 Rxc3 28. bxc3 fxg6 29. Rg1 Kh7 30. Rg5 Qe7 31. Qd3 Qf6 32. Rxh5+ Kg8 33.
Qd5+ Kf8 34. Rh8+ Ke7 35. Qxb7+ 1-0

[Event "16th FAJR Open"]
[Site "Urmia IRI"]
[Date "2008.02.05"]
[Round "5"]
[White "Mahmoody, M."]
[Black "Mirumian, V."]
[Result "1/2-1/2"]
[WhiteElo "2154"]
[BlackElo "2525"]
[PlyCount "82"]
[EventDate "2008.02.03"]
[EventType "swiss"]
[EventRounds "11"]
[EventCountry "IRI"]
[Source "Mark Crowther"]
[SourceDate "2008.02.18"]

1. e4 c5 2. Nf3 e6 3. d4 cxd4 4. Nxd4 Nf6 5. Bd3 Qb6 6. Nb3 d6 7. Be3 Qc7 8. c4
a6 9. Nc3 Be7 10. Rc1 O-O 11. O-O b6 12. f4 Nbd7 13. g4 Nc5 14. g5 Nfd7 15. Bb1
Nxb3 16. axb3 Re8 17. b4 Bb7 18. Rf3 Bf8 19. Qd3 g6 20. h4 Rad8 21. h5 Qb8 22.
Rh3 Bg7 23. Kf2 d5 24. hxg6 hxg6 25. cxd5 exd5 26. Nxd5 Bxd5 27. exd5 Qd6 28.
Bd2 Bxb2 29. Rc6 Qf8 30. Bc3 Bxc3 31. Qxc3 Qg7 32. Qxg7+ Kxg7 33. d6 a5 34.
bxa5 bxa5 35. Re3 Rxe3 36. Kxe3 Nb8 37. Rb6 Nd7 38. Rb7 Nc5 39. Re7 Na6 40. Ra7
Nb4 41. Rxa5 Rxd6 1/2-1/2

[Event "16th FAJR Open"]
[Site "Urmia IRI"]
[Date "2008.02.05"]
[Round "5"]
[White "Khalili, S."]
[Black "Shanava, K."]
[Result "0-1"]
[WhiteElo "2151"]
[BlackElo "2521"]
[PlyCount "66"]
[EventDate "2008.02.03"]
[EventType "swiss"]
[EventRounds "11"]
[EventCountry "IRI"]
[Source "Mark Crowther"]
[SourceDate "2008.02.18"]

1. d4 Nf6 2. c4 a6 3. Nc3 c5 4. d5 b5 5. cxb5 axb5 6. Nxb5 Bb7 7. Nc3 e6 8.
dxe6 fxe6 9. Nf3 d5 10. Qb3 Bc6 11. e3 Nbd7 12. Be2 Bd6 13. O-O O-O 14. h3 Qe7
15. Qc2 Kh8 16. b3 e5 17. Ne1 e4 18. Bb2 Qe5 19. g3 Qe6 20. Kg2 d4 21. Bc4 Qf5
22. Nb5 Bb8 23. exd4 e3+ 24. d5 Bxd5+ 25. Bxd5 Qxd5+ 26. f3 Nh5 27. Nc3 Qg5 28.
Ne4 Qg6 29. g4 Nf4+ 30. Kh1 Qh6 31. Ng3 e2 32. Rf2 Qxh3+ 33. Rh2 Qf1+ 0-1

[Event "16th FAJR Open"]
[Site "Urmia IRI"]
[Date "2008.02.05"]
[Round "5"]
[White "Ashtiani, M."]
[Black "Morchiashvili, B."]
[Result "0-1"]
[WhiteElo "2131"]
[BlackElo "2434"]
[PlyCount "42"]
[EventDate "2008.02.03"]
[EventType "swiss"]
[EventRounds "11"]
[EventCountry "IRI"]
[Source "Mark Crowther"]
[SourceDate "2008.02.18"]

1. d4 Nf6 2. c4 e6 3. Nc3 Bb4 4. e3 O-O 5. Bd3 d5 6. Nge2 c5 7. O-O cxd4 8.
exd4 dxc4 9. Bxc4 Nc6 10. a3 Bd6 11. h3 h6 12. Bd3 b6 13. Re1 Bb7 14. Bc2 Ba6
15. b4 Ne7 16. Ne4 Ned5 17. Nxd6 Qxd6 18. Bb2 Rac8 19. Qd2 Bxe2 20. Rxe2 Nf4
21. Re5 Nxg2 0-1

[Event "16th FAJR Open"]
[Site "Urmia IRI"]
[Date "2008.02.05"]
[Round "5"]
[White "Kuparadze, G."]
[Black "Alizadeh, G."]
[Result "1/2-1/2"]
[WhiteElo "2407"]
[BlackElo "2177"]
[PlyCount "88"]
[EventDate "2008.02.03"]
[EventType "swiss"]
[EventRounds "11"]
[EventCountry "IRI"]
[Source "Mark Crowther"]
[SourceDate "2008.02.18"]

1. e4 c5 2. Nf3 Nc6 3. d4 cxd4 4. Nxd4 Nf6 5. Nc3 e5 6. Ndb5 d6 7. Nd5 Nxd5 8.
exd5 Nb8 9. c4 Be7 10. Be2 O-O 11. O-O a6 12. Nc3 f5 13. Kh1 Nd7 14. f4 Bf6 15.
g3 g5 16. Qc2 exf4 17. gxf4 gxf4 18. Bxf4 Be5 19. Bd3 Bxf4 20. Rxf4 Ne5 21.
Bxf5 Kh8 22. Rg1 Bxf5 23. Rxf5 Qh4 24. Rxf8+ Rxf8 25. Qg2 Qe7 26. Qe2 Rf4 27.
b3 Qh4 28. Nd1 Re4 29. Qf2 Qxf2 30. Nxf2 Re2 31. Ng4 Nxg4 32. Rxg4 Rxa2 33. Re4
Rb2 34. Re8+ Kg7 35. Re7+ Kf6 36. Rxb7 a5 37. Rb5 h5 38. Rxa5 Rxb3 39. Ra6 Ke5
40. Kg2 Rc3 41. Rc6 h4 42. Rc8 Kf4 43. Rh8 Kg5 44. Rg8+ Kf4 1/2-1/2